书目信息 |
| 题名: |
认知疗法
|
|
| 作者: | 贝克 著 ;陶璇 译 | |
| 分册: | ||
| 出版信息: | 北京 中国轻工业出版社 2014.01 |
|
| 页数: | X, 383页 | |
| 开本: | 24cm | |
| 丛书名: | 万千心理 | |
| 单 册: | ||
| 中图分类: | B842.1 | |
| 科图分类: | ||
| 主题词: | 认知心理学--ren zhi xin li xue--精神疗法 , 精神疗法--jing shen liao fa | |
| 电子资源: | ||
| ISBN: | 978-7-5019-9347-5 | |
| 000 | 01245nam0 22003251 450 | |
| 001 | 1754513293 | |
| 005 | 20170516112211.0 | |
| 010 | @a978-7-5019-9347-5@dCNY56.00 | |
| 100 | @a20131101d2014 em y0chiy50 ea | |
| 101 | 1 | @achi@ceng |
| 102 | @aCN@b110000 | |
| 105 | @aak a 000yy | |
| 106 | @ar | |
| 200 | 1 | @a认知疗法@9ren zhi liao fa@e进阶与挑战@dCognitive therapy for challenging problems@ewhat to do when the basics don't work@f(美) Judith S. Beck著@g陶璇等译@zeng |
| 210 | @a北京@c中国轻工业出版社@d2014.01 | |
| 215 | @aX, 383页@c图@d24cm | |
| 225 | 2 | @a万千心理@9wan qian xin li |
| 314 | @a责任者规范汉译姓: 贝克 | |
| 320 | @a有书目 (第380-383页) | |
| 330 | @a本书主要内容包括: 识别治疗中的问题、对挑战性患者进行概念化、人格障碍给治疗带来的挑战等。 | |
| 461 | 0 | @12001 @a万千心理 |
| 500 | 10 | @aCognitive therapy for challenging problems : what to do when the basics don't work@mChinese |
| 517 | 1 | @a进阶与挑战@9jin jie yu tiao zhan |
| 606 | 0 | @a认知心理学@9ren zhi xin li xue@x精神疗法 |
| 606 | 0 | @a精神疗法@9jing shen liao fa |
| 690 | @aB842.1@v5 | |
| 701 | 1 | @c(美)@a贝克@9bei ke@c(Beck, Judith S.)@4著 |
| 702 | 0 | @a陶璇@9tao xuan@4译 |
| 801 | 0 | @aCN@b百万庄@c20170513 |
| 905 | @b1005864-9@dB842.1@e1735@f6 | |
| 认知疗法:进阶与挑战=Cognitive therapy for challenging problems:what to do when the basics don't work/(美) Judith S. Beck著/陶璇等译.-北京:中国轻工业出版社,2014.01 |
| X, 383页:图;24cm.-(万千心理) |
| ISBN 978-7-5019-9347-5:CNY56.00 |
| 本书主要内容包括: 识别治疗中的问题、对挑战性患者进行概念化、人格障碍给治疗带来的挑战等。 |
| ● |
| 相关链接 |
|
|
|
|
正题名:认知疗法
索取号:B842.1/1735
 
预约/预借
| 序号 | 登录号 | 条形码 | 馆藏地/架位号 | 状态 | 备注 |
| 1 | 1005864 | 210058649 | 第一样本阅览室/ [索取号:B842.1/1735] | 在馆 | |
| 2 | 1005865 | 210058658 | 教育系资料室/ [索取号:B842.1/1735] | 在馆 | |
| 3 | 1005866 | 210058667 | 教育系资料室/ [索取号:B842.1/1735] | 在馆 | |
| 4 | 1005867 | 210058676 | 教育系资料室/ [索取号:B842.1/1735] | 在馆 | |
| 5 | 1005868 | 210058685 | 第一借阅区/ [索取号:B842.1/1735] | 在馆 | |
| 6 | 1005869 | 210058694 | 第一借阅区/ [索取号:B842.1/1735] | 在馆 |